Taking the easy way out (Record no. 77303)

MARC details
000 -LEADER
fixed length control field 01058cab a2200193 4500
001 - CONTROL NUMBER
control field ##L133980
008 - FIXED-LENGTH DATA ELEMENTS--GENERAL INFORMATION
fixed length control field 060627n2006 000 0 eng u
035 ## - SYSTEM CONTROL NUMBER
System control number (Sirsi) u133980
041 0# - LANGUAGE CODE
Language code of text/sound track or separate title eng
100 1# - MAIN ENTRY--PERSONAL NAME
Personal name Garthwaite, Helen
245 00 - TITLE STATEMENT
Title Taking the easy way out
260 ## - PUBLICATION, DISTRIBUTION, ETC.
Date of publication, distribution, etc. 2006
490 #0 - SERIES STATEMENT
Series statement Building
Volume/sequential designation 271(8436) 23 June 2006, 80(1)
520 ## - SUMMARY, ETC.
Summary, etc. Argues that by creating a mediation-style dispute resolution service, the Technology and Construction Court (TCC) is merely responding to the demands of construction clients, by providing them with a judicial evaluation before becoming locked into a formal court battle. Experience of similar systems in the USA and Europe shows that concerns about judges acting as mediators are probably misplaced. Also provides a brief guide to TCC mediation procedure.
590 ## - LOCAL NOTE (RLIN)
Local note IKA040706
651 #4 - SUBJECT ADDED ENTRY--GEOGRAPHIC NAME
Geographic name England and Wales
Chronological subdivision 1543-
690 ## - LOCAL SUBJECT ADDED ENTRY--TOPICAL TERM (OCLC, RLIN)
Topical term or geographic name as entry element MANAGEMENT-DISPUTE AVOIDANCE, MANAGEMENT AND RESOLUTION-DISPUTE MANAGEMENT AND RESOLUTION-ALTERNATIVE DISPUTE RESOLUTION-ASSISTED NEGOTIATION-MEDIATION
942 ## - ADDED ENTRY ELEMENTS (KOHA)
Suppress in OPAC 0
Holdings
Withdrawn status Lost status Source of classification or shelving scheme Damaged status Not for loan Home library Current library Shelving location Date acquired Total Checkouts Full call number Barcode Date last seen Copy number Price effective from Koha item type
    Dewey Decimal Classification     London London Journal article 27/06/2006   L133980 133980-1001 06/08/2019 1 06/08/2019 Journal article